000
00238nam a2200097Ia 4500
008
240331s9999 xx 000 0 und d
082
_b
SHI
100
_a
Shiva, V
245
0
_a
Uyirodu ullova :
_b
India penkalathu valkai poraddamum
942
_c
L
999
_c
1481
_d
1481